000 00551nam a2200217Ia 4500
003 OSt
005 20220926042240.0
006 a|||||r|||| 00| 0
007 ta
008 220923b |||||||| |||| 00| 0 eng d
037 _cGeneral Book
040 _aRTL
_cRTL
_beng
041 _2eng
_aeng
082 _aXM5:(Z2):g, J7
100 _aJhirad E E
_9345990
245 0 _aLaw relating to private companies
260 _c1957
650 _aCompany Law
942 _hXM5:(Z2):g, J7
_cGB
_2CC
999 _c669237
_d669237